000
00266nam a2200097 4500
999
_c
515110
_d
515110
082
_a
TNC AB45 G443
100
_a
Giri, Shankaracharya
_9
20234
245
_a
Krishna in verse
_c
by Shanakaracharya Giri
260
_a
Ranchi
_b
Ramayan Gita Publications
_c
2004
300
_a
78p.